1260 1509 1505 1583 1175 1573 1819 1479 1997 1191 1024 1212 1652 1459 1417 1262 1423 1442 1995 1237 1839 1363 1862 1095 1008 1015 1922 1229 1255 1168 1602 1350 1202 1954 1819 1367 1000 1314 1574 1720 1697 1616 1963 1192 1532 1890 1791 1159 1032 1191 1303 1508 1289 1164 1232 1445 1620 1548 1906 1800 1100 1572 1931 1885 1845 1814 1634 1450 1144 1787 1500 1307 1292 1701 1595 1636 1191 1586 1941 1084 1546 1932 1220 1102 1998 1742 1120 1616 1904 1611 1819 1194 1455 1130 1251 1180 1112 1977 1494 BCNSPRNW ULIB Ver.6.0+V

เปลี่ยนเป็นภาษาไทย

Change to English
 แสดงรายละเอียดบรรณานุกรม
  กลับหน้าหลัก

Brief Record : Get Marc (ISO 2709) : E-mail record : QR code < ปิดหน้าต่าง
LEADER : 00000nam 2200000uu 4500
001    13399108406
003     ULIB
008    110303s2006||||th 000 0 eng d
020    9781401872069
060 04 WY100^bE79h 2006
100 1  Estes, Mary Ellen Zator
245 10 Health assessment & physical examination /^cMary EllenZator Estes
246 3  Health assessment and physical examination
250    3rd ed.
260    Australia. :^bThoson Delmar,^cc2006
300    xxix, 1088 p. :^bill. (chiefly col.) ;^c29 cm. +^e1computer optical laser disc
504    Includes bibliographical references and index
650  2 Nursing Assessment
650  2 Physical Examination^xnursing
945    ^p0^l0^i019052
995    Kesorn
999 ^a ใช้งานได้ทุกระบบ
รายการนี้ยังไม่มีแท็ก
คุณยังไม่ได้ล็อกอิน คุณสามารถมีกิจกรรมร่วมกับเว็บไซต์ได้ แต่ต้องล็อกอินก่อน ::
  ล็อกอิน

รายการสื่อสารสนเทศ

ลำดับที่ ประเภท เลขเรียก/บาร์โค้ด สถานที่ สถานะ
1. Book การพยาบาล
Book การพยาบาล
WY100 E79h 2006  
  Barcode: 019052
ห้องสมุดวิทยาเขตนครสวรรค์
►หนังสือทั่วไป:l:General Books
บนชั้น

รายการใกล้เคียง
    ผู้แต่ง [Estes, Mary Ellen Zator]

    หัวเรื่อง [Nursing Assessment]

BibComment


ยังไม่เคยถูกคอมเมนท์

คอมเมนท์ทรัพยากรรายการนี้
  คอมเมนท์: Health assessment..


 Copyright 2026. Bcnsprnw @Library